[Event "1st Alimini Village Open"]
[Site "Alimini ITA"]
[Date "2011.05.26"]
[Round "7"]
[White "O'Leary,M"]
[Black "Virzi,E"]
[Result "1/2-1/2"]
[WhiteElo "2007"]
[BlackElo "1963"]

1.d4 Nf6 2.c4 g6 3.Nf3 Bg7 4.g3 d6 5.Bg2 O-O 6.O-O Nc6 7.Nc3 a6 8.e4 Bg4
9.h3 Bxf3 10.Bxf3 e5 11.dxe5 Nxe5 12.Be2 Qd7 13.Kh2 Rfe8 14.f4 Nc6 15.Bf3 Qd8
16.Be3 Nd7 17.Rc1 f5 18.Qd2 Nf6 19.exf5 gxf5 20.Rfe1 Kh8 21.Bf2 Qd7 22.Rcd1 Rxe1
23.Rxe1 Re8 24.a3 Rxe1 25.Qxe1 Nd8 26.Qd2 c6 27.b4 Qe6 28.Qd3 b5 29.c5 d5
30.Ne2 Ne4 31.Bd4 Kg8 32.Bxg7 Kxg7 33.Nd4 Qf6 34.Ne2 Qe6 35.Qd4+ Qf6 36.g4 Qxd4
37.Nxd4 fxg4 38.hxg4 Nd2 39.Kg3 Nc4 40.Nc2 h6 41.f5 Kf6 42.Kf4 Nf7 43.Be2 Nce5
44.Nd4 Nd8 45.Bd1 Nc4 46.a4 Nb2 47.axb5 axb5 48.Be2 Nc4 49.Nf3 Nf7 50.Bxc4 dxc4
51.Ke4 Ng5+ 52.Nxg5  1/2-1/2

[Event "ch-KAZ 2011"]
[Site "Astana KAZ"]
[Date "2011.05.26"]
[Round "11"]
[White "Temirbayev,S"]
[Black "Davletbayeva,M"]
[Result "1/2-1/2"]
[WhiteElo "2407"]
[BlackElo "2234"]

1.d4 Nf6 2.c4 g6 3.Nf3 Bg7 4.g3 O-O 5.Bg2 d6 6.O-O Nc6 7.Nc3 Rb8 8.b3 a6
9.Nd5 b5 10.Nxf6+ Bxf6 11.cxb5 axb5 12.Bh6 Re8 13.Rc1 Bb7 14.e4 Nb4 15.Qd2 Na6
16.Qe2 c5 17.Rfd1 Qa5 18.e5 Bg7 19.Bxg7 Kxg7 20.dxc5 dxc5 21.Ng5 Bxg2 22.Kxg2 h6
23.Ne4 Qc7 24.f4 Qb7 25.Qf3 Red8 26.Nc3 Qxf3+ 27.Kxf3 Nb4 28.Ke4 Rxd1 29.Rxd1 Ra8
30.Rd2 Ra5 31.g4 e6 32.f5 exf5+ 33.gxf5 gxf5+ 34.Kxf5 Nc6 35.Nd5 c4 36.Rg2+ Kf8
37.Nf6 Ne7+ 38.Ke4 cxb3 39.axb3 Ra1 40.Kd4 Rc1 41.h4 Re1 42.h5 Nf5+ 43.Kc3  1/2-1/2

[Event "ch-Siberia Men"]
[Site "Barnaul RUS"]
[Date "2011.05.26"]
[Round "7"]
[White "Rykov,I"]
[Black "Loskutov,O"]
[Result "0-1"]
[WhiteElo "2305"]
[BlackElo "2437"]

1.d4 Nf6 2.c4 g6 3.Nf3 Bg7 4.g3 O-O 5.Bg2 d6 6.O-O Nbd7 7.Nc3 e5 8.h3 c6
9.e4 Qb6 10.c5 dxc5 11.dxe5 Ne8 12.e6 fxe6 13.h4 Qc7 14.Ng5 Ndf6 15.Bh3 Qe7
16.Qb3 Nc7 17.Bf4 Nfe8 18.a4 Kh8 19.e5 Nd5 20.Ne2 b6 21.Rfe1 Nec7 22.Qf3 Ba6
23.Qg4 Bd3 24.h5 gxh5 25.Qxh5 Kg8 26.Rad1 Bg6 27.Qh4 Rae8 28.Bg4 h6 29.Nf3 Qxh4
30.Nxh4 Bc2 31.Ra1 Bd3 32.Ng2 Nb4 33.Red1 Ncd5 34.Rd2 Re7 35.Rad1 Bc2 36.Ra1 Be4
37.Ne3 Nd3 38.f3 Bh7 39.Nxd5 cxd5 40.Rad1 Nxe5 41.Bh5 Nc4 42.Rc2 Bxc2  0-1

[Event "TCh-FRA Top 12 2011"]
[Site "Mulhouse FRA"]
[Date "2011.05.26"]
[Round "1.1"]
[White "Cornette,M"]
[Black "Hamdouchi,H"]
[Result "0-1"]
[WhiteElo "2562"]
[BlackElo "2593"]

1.d4 Nf6 2.c4 g6 3.g3 Bg7 4.Bg2 O-O 5.Nf3 d6 6.O-O c6 7.Nc3 Qa5 8.h3 Qa6
9.b3 b5 10.Nd2 Bb7 11.Rb1 Nbd7 12.a4 bxc4 13.Nxc4 d5 14.Ne5 Nxe5 15.dxe5 Nh5
16.Bb2 Rfd8 17.Na2 c5 18.Qc1 d4 19.Qxc5 Nxg3 20.fxg3 Bxg2 21.Rf2 Bxh3 22.Nb4 Qe6
23.Nc6 Rd7 24.Ba3 Re8 25.Kh2 Bf5 26.Rd1 Be4 27.Nxd4 Qxe5 28.Nf5  0-1

[Event "Chicago Open"]
[Site "Wheeling USA"]
[Date "2011.05.26"]
[Round "1"]
[White "Arnold,Mar"]
[Black "Koo,O"]
[Result "1-0"]
[WhiteElo "2432"]
[BlackElo "2228"]

1.d4 Nf6 2.c4 g6 3.Nf3 Bg7 4.g3 O-O 5.Bg2 d6 6.O-O Nbd7 7.Nc3 e5 8.e4 c6
9.h3 Qb6 10.d5 cxd5 11.cxd5 Nc5 12.Qe2 Bd7 13.Be3 Rfc8 14.Rfc1 a5 15.Nd2 a4
16.b4 Qxb4 17.Rab1 Nb3 18.axb3 Rxc3 19.Rxc3 Qxc3 20.bxa4 Rxa4 21.Rxb7 Qc8
22.Rb6 Bxh3 23.Rxd6 Ra1+ 24.Nf1 Bxg2 25.Kxg2 Nxe4 26.Rc6 Qd7 27.Qc4 Nd6 28.Qc5 Ne8
29.Rc8 Bf8 30.Qc6 Qxc6 31.dxc6 Nd6 32.Rd8 Kg7 33.c7 Ra4 34.Rxd6 Rc4 35.Rd7 h5
36.Bb6 Rc6 37.Rd8 Rxb6 38.c8=Q Be7 39.Rd7 Re6 40.Qe8  1-0

[Event "Chicago Open"]
[Site "Wheeling USA"]
[Date "2011.05.27"]
[Round "3"]
[White "Gareev,T"]
[Black "Ni,V"]
[Result "1-0"]
[WhiteElo "2610"]
[BlackElo "2178"]

1.d4 Nf6 2.c4 g6 3.Nf3 Bg7 4.g3 d6 5.Bg2 O-O 6.O-O a6 7.Nc3 Nc6 8.d5 Na5
9.Nd2 c5 10.Rb1 Bd7 11.Qc2 b5 12.b3 Rb8 13.Bb2 Qc8 14.Rfc1 Bh3 15.Nd1 Bxg2
16.Kxg2 e5 17.e3 Nh5 18.Ne4 Nb7 19.f4 Re8 20.Ndf2 f5 21.Ng5 Nd8 22.fxe5 Bxe5
23.Bxe5 Rxe5 24.e4 f4 25.Nf3 Re8 26.b4 cxb4 27.c5 Nb7 28.c6 Na5 29.Rxb4 Nc4
30.Rxc4 bxc4 31.g4 Nf6 32.Qxc4 Rb5 33.Re1 Qb8 34.Qc3 Qd8 35.g5 Nh5 36.Ng4 Ng7
37.Nf6+  1-0

[Event "XXX Zalakaros Open"]
[Site "Zalakaros HUN"]
[Date "2011.05.27"]
[Round "8"]
[White "Berczes,D"]
[Black "Ianov,V"]
[Result "1-0"]
[WhiteElo "2531"]
[BlackElo "2301"]

1.d4 d6 2.Nf3 Nf6 3.c4 g6 4.g3 Bg7 5.Bg2 O-O 6.Nc3 c6 7.O-O Qa5 8.e4 e5 9.h3 exd4
10.Nxd4 Nbd7 11.Re1 Re8 12.Be3 Ne5 13.Bf1 Be6 14.Nxe6 Rxe6 15.Kg2 Qb4 16.a3 Qa5
17.b4 Qc7 18.Rc1 Ned7 19.f3 Rae8 20.Qd2 Qb8 21.Rcd1 a6 22.c5 dxc5 23.bxc5 Nh5
24.Ne2 Nf8 25.g4 Nf6 26.Ng3 N6d7 27.Bc4 R6e7 28.f4 b5 29.Bb3 Ne6 30.Bxe6 fxe6
31.g5 Nf8 32.Qa5 h6 33.h4 hxg5 34.hxg5 b4 35.axb4 Bc3 36.Re2 Bxb4 37.Qxa6 Ra7
38.Qc4 Ra5 39.Rb1 Rb5 40.Reb2 Bd2 41.Rxb5 cxb5 42.Rxb5 Qd8 43.Rb3 Bxe3 44.Rxe3 Qd2+
45.Kf3 Qd1+ 46.Kf2 Rd8 47.c6 Rd2+ 48.Re2 Rd8 49.c7 Rc8 50.e5 Qd7 51.Rc2 Qf7
52.Ke3 Nd7 53.Qd4 Qh7 54.Qd6 Qf7 55.Ne4  1-0

[Event "Chicago Open"]
[Site "Wheeling USA"]
[Date "2011.05.28"]
[Round "4"]
[White "Mulyar,M"]
[Black "Naroditsky,D"]
[Result "1-0"]
[WhiteElo "2399"]
[BlackElo "2472"]

1.d4 Nf6 2.c4 g6 3.Nf3 Bg7 4.g3 O-O 5.Bg2 d6 6.O-O Nbd7 7.Nc3 e5 8.e4 a6
9.b3 b5 10.dxe5 dxe5 11.Qe2 Bb7 12.Rd1 Qe7 13.cxb5 axb5 14.Qxb5 Rfb8 15.Qe2 Nc5
16.Bg5 h6 17.Bxf6 Qxf6 18.Rac1 c6 19.Qe3 Bf8 20.Rc2 Ba6 21.Bf1 Bc8 22.h3 Be6
23.Rdc1 Rb4 24.Nd2 Rd4 25.Ncb1 Nd7 26.Rxc6 Rxa2 27.Nf3 Rb4 28.Nbd2 Nb8 29.R6c2 Rxc2
30.Rxc2 Nd7 31.Rc6 Qe7 32.Bc4 Bxc4 33.Rxc4 Rb7 34.Kg2 Nc5 35.Qc3 Rd7 36.b4 Na4
37.Qb3 Nb6 38.Rc6 Rd6 39.b5 Qf6 40.Nc4 Qe6 41.Nfd2 Rxc6 42.bxc6 Nc8 43.Qb7 Bc5
44.Qd7 Ne7 45.Qxe6 fxe6 46.Nxe5 Bd6 47.Ndc4 Bc7 48.f4 g5 49.Kf3 gxf4 50.gxf4 Kg7
51.Ke3 Kf6 52.Kd4 Nxc6+ 53.Nxc6 Bxf4 54.N6e5  1-0

[Event "Chicago Open"]
[Site "Wheeling USA"]
[Date "2011.05.28"]
[Round "5"]
[White "Arnold,Mar"]
[Black "Gurevich,Daniel"]
[Result "1-0"]
[WhiteElo "2432"]
[BlackElo "2098"]

1.d4 Nf6 2.c4 g6 3.Nf3 Bg7 4.g3 O-O 5.Bg2 d6 6.O-O c6 7.Nc3 Qa5 8.e4 Bg4
9.Re1 Nbd7 10.h3 Bxf3 11.Bxf3 e5 12.d5 cxd5 13.cxd5 Rfc8 14.a3 Qd8 15.Bd2 Nb6
16.b3 Nfd7 17.a4 a5 18.Nb5 Nc5 19.Bg4 Rcb8 20.h4 h5 21.Bh3 Nc8 22.Na3 Ne7
23.Nc4 b6 24.Qf3 Qc7 25.b4 axb4 26.Bxb4 Bh6 27.a5 bxa5 28.Bxa5 Rxa5 29.Rxa5 Nb3
30.Ra4 Nd4 31.Qd1 Rb3 32.Nxe5 dxe5 33.Rxd4 Rxg3+ 34.fxg3 exd4 35.Qf3 Be3+
36.Kh2 Qc2+ 37.Bg2 Qc7 38.Rf1 f5 39.exf5 Nxf5 40.Bh3 Nd6 41.Qf8+ Kh7 42.Be6  1-0

[Event "29th Liechtenstein Open"]
[Site "Triesen LIE"]
[Date "2011.05.29"]
[Round "3.5"]
[White "Chetverik,M"]
[Black "Spirin,O"]
[Result "0-1"]
[WhiteElo "2305"]
[BlackElo "2479"]

1.d4 Nf6 2.c4 g6 3.Nf3 Bg7 4.g3 d6 5.Bg2 O-O 6.O-O Bf5 7.Nc3 Ne4 8.Nd5 c6
9.Ne3 Bc8 10.Qd3 f5 11.Nd2 Nxd2 12.Bxd2 e5 13.dxe5 dxe5 14.Qxd8 Rxd8 15.Ba5 Re8
16.Rad1 Be6 17.b3 Nd7 18.Rd6 Bf8 19.Rd2 e4 20.Bc3 a5 21.Nc2 Nc5 22.f3 exf3
23.exf3 Bf7 24.f4 a4 25.b4 Ne4 26.Bxe4 Rxe4 27.a3 Bxc4 28.Re1 Rxe1+ 29.Nxe1 Re8
30.Nf3 Re3  0-1

[Event "TCh-FRA Top 12 2011"]
[Site "Mulhouse FRA"]
[Date "2011.05.30"]
[Round "5"]
[White "Roos,J"]
[Black "Relange,E"]
[Result "0-1"]
[WhiteElo "2235"]
[BlackElo "2466"]

1.d4 Nf6 2.Nf3 g6 3.c4 Bg7 4.g3 O-O 5.Bg2 d6 6.O-O c6 7.Nc3 Qa5 8.h3 Qa6
9.b3 b5 10.Nd2 b4 11.Na4 Qb7 12.Bb2 Nbd7 13.a3 a5 14.Qc2 Qc7 15.e4 Ba6 16.Rfe1 e5
17.axb4 axb4 18.c5 Rfd8 19.dxe5 Nxe5 20.Nb6 Ra7 21.cxd6 Qxb6 22.Bxe5 Ng4
23.Nc4 Bxc4 24.Bxg7 Bxb3 25.Qxb3 Qxf2+ 26.Kh1 Ra3 27.Qd1 Rxg3 28.Qe2 Kxg7
29.Qxf2 Nxf2+ 30.Kh2 Rg5 31.Ra2 Nd3 32.Rd1 Ne5 33.Ra7 c5 34.Rb7 Rd7 35.Rb5 Nc4
36.Rc1 Ne3 37.Bf3 Rxd6 38.h4 Re5 39.Kg3 Rf6 40.Rcxc5 Rxc5 41.Rxc5 Rb6  0-1

[Event "3rd Orissa Open"]
[Site "Bhubaneswar IND"]
[Date "2011.06.01"]
[Round "6"]
[White "Mchedlishvili,M"]
[Black "Rathnakaran,K"]
[Result "1-0"]
[WhiteElo "2629"]
[BlackElo "2414"]

1.d4 Nf6 2.Nf3 g6 3.c4 Bg7 4.g3 O-O 5.Bg2 d6 6.O-O Nbd7 7.Qc2 e5 8.Rd1 Qe7
9.Nc3 c6 10.e4 Re8 11.d5 c5 12.a3 h6 13.b4 b6 14.Rb1 Rf8 15.Be3 Ne8 16.Nh4 Kh7
17.Bf1 Ndf6 18.bxc5 bxc5 19.Rb2 Nh5 20.Rdb1 Nef6 21.f3 Kg8 22.Qd2 Kh7 23.Bd3 Nd7
24.a4 Rh8 25.a5 Nf4 26.Bc2 Bf6 27.Ng2 Nxg2 28.Kxg2 Bg5 29.Ba4 Bxe3 30.Qxe3 a6
31.Bxd7 Qxd7 32.Rb6 Kg7 33.f4 Re8 34.Rf1 Ra7 35.f5 g5 36.h4 f6 37.Qf3 Rd8
38.hxg5 hxg5 39.Rh1 Qf7 40.Qg4 Rb7 41.Na4 Rxb6 42.Nxb6 Bd7 43.Qh3 Qg8 44.Nxd7 Rxd7
45.Qh5 Kf8 46.Rb1 Ke7 47.Rb6 Ra7 48.Qh6 g4 49.Rxd6 Kxd6 50.Qxf6+ Kd7 51.Qc6+ Kd8
52.Qb6+ Rc7 53.d6 Qh7 54.dxc7+ Qxc7  1-0

[Event "6th Metropolitan Invitational"]
[Site "Los Angeles USA"]
[Date "2011.06.02"]
[Round "2"]
[White "Wang,Ph"]
[Black "Atoufi,P"]
[Result "1-0"]
[WhiteElo "2350"]
[BlackElo "2281"]

1.d4 Nf6 2.c4 g6 3.Nf3 Bg7 4.g3 O-O 5.Bg2 d6 6.O-O Nbd7 7.Nc3 e5 8.e4 a6
9.Qc2 c6 10.Rd1 Qe7 11.h3 Nh5 12.b3 f5 13.Ba3 exd4 14.Nxd4 c5 15.Nde2 Ne5
16.f4 Nc6 17.Nd5 Qd8 18.e5 Qa5 19.Bb2 dxe5 20.fxe5 Nxe5 21.Bc3 Qd8 22.Qb2 Re8
23.Kh2 Qd6 24.Ndf4 Qc7 25.Nxh5 gxh5 26.Nf4 h4 27.Re1 Bd7 28.Bd5+ Kf8 29.Re3 Re7
30.Rae1 Rae8 31.Nd3 hxg3+ 32.Kg2 f4 33.Rf1 Bf6 34.Rxf4 Nxd3 35.Rxf6+ Kg7
36.Rc6+ Re5 37.Rxc7 Nxb2 38.Rxe5  1-0

[Event "TCh-FRA Top 12 2011"]
[Site "Mulhouse FRA"]
[Date "2011.06.04"]
[Round "10"]
[White "Barsov,A"]
[Black "Miton,K"]
[Result "1/2-1/2"]
[WhiteElo "2521"]
[BlackElo "2619"]

1.d4 Nf6 2.Nf3 g6 3.c4 Bg7 4.g3 O-O 5.Bg2 d6 6.O-O Nc6 7.Nc3 Bg4 8.Be3 e5
9.dxe5 dxe5 10.h3 Bxf3 11.Bxf3  1/2-1/2

[Event "Clock Simul Giri vs U20 AUT"]
[Site "Vienna AUT"]
[Date "2011.06.04"]
[Round "1"]
[White "Hartl,D"]
[Black "Giri,A"]
[Result "0-1"]
[WhiteElo "2311"]
[BlackElo "2687"]

1.d4 Nf6 2.c4 g6 3.g3 Bg7 4.Bg2 O-O 5.Nf3 d6 6.Nc3 Nc6 7.O-O Rb8 8.h3 a6
9.e4 b5 10.cxb5 axb5 11.Qc2 Bd7 12.Be3 b4 13.Ne2 b3 14.axb3 Nb4 15.Qd1 Nxe4
16.Nc3 Nf6 17.Ne1 c6 18.Ra7 Be6 19.Kh2 Nbd5 20.Bg5 Qb6 21.Ra3 Nxc3 22.bxc3 Bxb3
23.Qe2 Rfe8 24.Nc2 Bd5 25.Rfa1 Bxg2 26.Kxg2 c5 27.Kh2 cxd4 28.cxd4 Qb5 29.Qe3 Qf5
30.Bxf6 Bxf6 31.Ne1 Qd5 32.Nf3 Kg7 33.h4 Rb5 34.Rc1 Reb8 35.Rac3 h6 36.Rc8 Rb3
37.R1c3 Rxc3 38.Rxc3 Rb4 39.Rd3 Rb2 40.Ra3 g5 41.hxg5 hxg5 42.g4 Rb1 43.Qd3 Qb5
44.Kg3 Qxd3 45.Rxd3 Rb4 46.Kg2 d5 47.Kf1 e6 48.Ke2 Kg6 49.Ke3 Rb7 50.Rc3 Kg7
51.Rc8 Be7 52.Rc6 Kf6 53.Ra6 Bd8 54.Ne5 Kg7 55.Nf3 Rb3+ 56.Ke2 Rb2+ 57.Ke3 Rb7
58.Rc6 Kf6 59.Ne5 Bc7 60.Nd7+ Ke7 61.Ne5 Bxe5 62.dxe5 Rb3+ 63.Ke2 Rb2+ 64.Ke3 Rb1
65.f3 Re1+ 66.Kd4 Kf8 67.Rc8+ Kg7 68.Rc7 Ra1 69.Rc6 Ra3  0-1

[Event "FSGM June"]
[Site "Budapest HUN"]
[Date "2011.06.07"]
[Round "4"]
[White "Berczes,D"]
[Black "Vajda,Le"]
[Result "1/2-1/2"]
[WhiteElo "2531"]
[BlackElo "2510"]

1.Nf3 Nf6 2.c4 g6 3.d4 Bg7 4.g3 O-O 5.Bg2 d6 6.O-O Nbd7 7.Nc3 e5 8.e4 h6
9.h3 Kh7 10.Be3 exd4 11.Nxd4 Ne5 12.b3 Bd7 13.f4 Nc6 14.Nde2 Re8 15.Qd2 Qe7
16.Rae1 Nxe4 17.Bxe4 Bxh3 18.f5 gxf5 19.Rxf5 Bxf5 20.Bxf5+ Kg8 21.Nd5 Qe5
22.Bd7 Qe4 23.Bxe8 Rxe8 24.Nec3 Qf3 25.Bf4 Bd4+ 26.Kh2 Rxe1 27.Qxe1 Ne5 28.Bxe5 Bxe5
29.Ne4 c6 30.Nf4 Bxf4 31.gxf4 Qxf4+ 32.Qg3+ Qxg3+ 33.Kxg3 d5 34.cxd5 cxd5
35.Nf6+ Kf8 36.Nxd5 Ke8 37.Kf4 Kd7 38.Ke5 Kc6 39.Kd4 h5 40.a4 h4 41.Nf4 a5
42.Nh3 b6 43.Ng5 f6 44.Nh3 f5 45.Kc4 Kd6 46.Nf4 Kc6 47.Nh3 Kd6 48.Kb5 Kc7
49.Nf4 Kb7 50.Kc4 Kc6 51.Nh3 Kd6 52.Kd4 Kc6 53.Nf4 Kd6 54.Kd3 Kd7 55.Kc3 Kc7
56.Kc4  1/2-1/2

[Event "TCh-BIH 2011"]
[Site "Neum BIH"]
[Date "2011.06.08"]
[Round "5.4"]
[White "Dizdarevic,E"]
[Black "Stojanovic,Da"]
[Result "1-0"]
[WhiteElo "2493"]
[BlackElo "2503"]

1.c4 g6 2.d4 Bg7 3.Nf3 Nf6 4.g3 O-O 5.Bg2 d6 6.O-O Nbd7 7.Qc2 e5 8.Rd1 Qe7
9.Nc3 c6 10.b3 Re8 11.dxe5 dxe5 12.e4 b6 13.h3 Bb7 14.Be3 Red8 15.a3 Nf8
16.b4 Rxd1+ 17.Rxd1 N6d7 18.Qd2 Rd8 19.Bg5 f6 20.Be3 Ne6 21.Qa2 c5 22.Nd5 Qf7
23.Qb3 Nd4 24.Bxd4 exd4 25.Qa4 Ne5 26.Qxa7 Nxc4 27.Nxb6 Nd6 28.bxc5 Nb5 29.Qa5 Qb3
30.Re1 Nxa3 31.Qa7 Nc2 32.Qxb7 Nxe1 33.Nxe1 Qd1 34.c6 Qxe1+ 35.Kh2 d3 36.c7  1-0

[Event "Portuguese Masters"]
[Site "Vila Nova de Gaia POR"]
[Date "2011.06.09"]
[Round "5.5"]
[White "Ferreira,Jor1"]
[Black "Vasques,A"]
[Result "1-0"]
[WhiteElo "2319"]
[BlackElo "2175"]

1.d4 Nf6 2.c4 g6 3.Nf3 Bg7 4.g3 O-O 5.Bg2 d6 6.O-O c6 7.Nc3 Qa5 8.h3 e5 9.e4 Nbd7
10.Be3 exd4 11.Nxd4 Re8 12.Qc2 Nb6 13.b3 d5 14.exd5 cxd5 15.Ncb5 Ne4 16.Nc7 Nxg3
17.Nxe8 Nxf1 18.Rxf1 Be5 19.c5 Nd7 20.Nf3 Qd8 21.Nd6 Bxd6 22.cxd6  1-0

[Event "TCh-BIH 2011"]
[Site "Neum BIH"]
[Date "2011.06.10"]
[Round "7.3"]
[White "Saric,Ib"]
[Black "Runic,Z"]
[Result "1-0"]
[WhiteElo "2549"]
[BlackElo "2403"]

1.d4 d6 2.Nf3 Nf6 3.c4 g6 4.g3 Bg7 5.Bg2 O-O 6.O-O Nc6 7.Nc3 a6 8.Bf4 Bf5
9.Rc1 Qd7 10.d5 Na7 11.b4 Bh3 12.e4 Bxg2 13.Kxg2 e6 14.Re1 Rae8 15.Qd3 Nc8
16.c5 exd5 17.Nxd5 Nxd5 18.Qxd5 c6 19.Qd2 d5 20.exd5 Rxe1 21.Rxe1 cxd5 22.Rd1 Rd8
23.Bg5 f6 24.Bf4 g5 25.Be3 Ne7 26.Qc2 Nc6 27.a3 h6 28.Nd4 Ne5 29.Nf5 Bf8
30.Bd4 Qf7 31.Ne3 Bg7 32.Qf5 Nc6 33.Ng4 Rf8 34.Ne3 Rd8 35.Ng4 Rf8 36.h3 h5
37.Ne3 Rd8 38.Qf3 Ne7 39.Bc3 f5 40.Bxg7 Kxg7 41.Rd4 Kg6 42.h4 g4 43.Qd1 Qe6
44.Kh2 Kg7 45.Qd2 Rd7 46.a4 Rd8 47.b5 axb5 48.axb5 Rd7 49.Rd3 f4 50.gxf4 Qe4
51.Rd4 Qf3 52.Kg1 Rd8 53.Ra4 Kf7 54.Nc4 dxc4 55.Qxd8 g3 56.Ra2 g2 57.Qd7 c3
58.c6 bxc6 59.b6 Qxf4 60.b7 Qxh4 61.Kxg2 Qg5+ 62.Kf1 Qc1+ 63.Ke2 Qb1 64.Kf3 Qh1+
65.Ke2 Qb1 66.Ra4 c2 67.Rf4+ Kg6 68.Qe6+  1-0

[Event "Teplice Open"]
[Site "Teplice CZE"]
[Date "2011.06.12"]
[Round "2"]
[White "Grabarczyk,M"]
[Black "Sejkora,V"]
[Result "1-0"]
[WhiteElo "2445"]
[BlackElo "2189"]

1.d4 Nf6 2.c4 g6 3.Nf3 Bg7 4.g3 d6 5.Bg2 O-O 6.Nc3 Nc6 7.O-O a6 8.Bf4 Bg4
9.d5 Na5 10.Qa4 c5 11.dxc6 Nxc6 12.Rfd1 Bd7 13.Rac1 b5 14.cxb5 axb5 15.Qxb5 Rb8
16.Qa6 Rxb2 17.Bg5 Qa5 18.Qxa5 Nxa5 19.Nd4 h6 20.Bd2 e5 21.Nc2 Nc4 22.Be1 Be6
23.a4 Rc8 24.Nb5 d5 25.Nb4 Ra8 26.Rxc4 Rxa4 27.Nd3 Rxc4 28.Nxb2 Rc2 29.Nd3 Bd7
30.Nd6 e4 31.Ne5 Be6 32.Nb5 Nh5 33.Nd4 Ra2 34.Nec6 Nf6 35.Nxe6 fxe6 36.Bh3 Rxe2
37.Bxe6+ Kh7 38.Bd2 e3 39.Bxe3 Ne4 40.Rxd5 Re1+ 41.Kg2 Nc3 42.Rd8  1-0

[Event "Voronezh Master Open"]
[Site "Voronezh RUS"]
[Date "2011.06.13"]
[Round "2.28"]
[White "Yandarbiev,R"]
[Black "Pranizin,G"]
[Result "1-0"]
[WhiteElo "2398"]
[BlackElo "2182"]

1.d4 Nf6 2.c4 g6 3.Nf3 Bg7 4.g3 O-O 5.Bg2 d6 6.O-O Nbd7 7.Qc2 c6 8.Nc3 Qc7
9.Rd1 e5 10.b4 Re8 11.dxe5 dxe5 12.Rb1 Nf8 13.Ng5 Be6 14.Nxe6 Nxe6 15.e3 Rad8
16.Bb2 Qc8 17.Bh3 b6 18.Qa4 Qb7 19.Bg2 Rxd1+ 20.Rxd1 e4 21.Nxe4 Nxe4 22.Bxe4 Nc5
23.bxc5 Rxe4 24.Rd8+ Bf8 25.Qc2 Qe7 26.Qc3 f6 27.Qxf6 Qxf6 28.Bxf6 Kf7 29.cxb6 axb6
30.Rd4 Re8 31.Bd8 Bc5 32.Rd7+ Kg8 33.Bf6 Ra8  1-0

[Event "Voronezh Master Open"]
[Site "Voronezh RUS"]
[Date "2011.06.13"]
[Round "2.21"]
[White "Neverov,V"]
[Black "Usmanov,V"]
[Result "1-0"]
[WhiteElo "2487"]
[BlackElo "2289"]

1.d4 Nf6 2.c4 g6 3.Nf3 Bg7 4.g3 O-O 5.Bg2 d6 6.O-O Nbd7 7.Qc2 e5 8.Rd1 Qe7
9.Nc3 c6 10.e4 exd4 11.Nxd4 Re8 12.b3 Nc5 13.f3 a5 14.Be3 Nfd7 15.Bf2 Ne5
16.Rab1 h5 17.h3 h4 18.g4 Qf6 19.Nce2 Bh6 20.a3 Ne6 21.Qc3 Nf4 22.Nxf4 Bxf4
23.Ne2 Bh6 24.c5 dxc5 25.Bxc5 Bg7 26.f4  1-0

[Event "Voronezh FIDE Open"]
[Site "Voronezh RUS"]
[Date "2011.06.14"]
[Round "3.30"]
[White "Belenkov,Dmitry"]
[Black "Popov,Kirill"]
[Result "1-0"]
[WhiteElo "2040"]
[BlackElo "1859"]

1.d4 Nf6 2.c4 g6 3.Nf3 Bg7 4.g3 O-O 5.Bg2 d6 6.Nc3 Nbd7 7.O-O e5 8.e4 c6
9.h3 a5 10.Be3 a4 11.Qc2 Qa5 12.Rfd1 exd4 13.Nxd4 Nc5 14.Rab1 Nfd7 15.b4 axb3
16.axb3 Qb4 17.Nce2 Na6 18.Qa2 Nc7 19.Qc2 Na6 20.Ra1 Ndc5 21.Bd2 Qb6 22.Ba5 Qa7
23.Rab1 Ne6 24.Bc3 Nxd4 25.Nxd4 Qb6 26.Qb2 Re8 27.Ra1 Rb8 28.Re1 Nb4 29.Re3 Be5
30.Kh2 Na6 31.f4 Bg7 32.Rae1 Ra8 33.Qd2 Nc5 34.e5 dxe5 35.fxe5 Bh6 36.e6 Nxe6
37.Rxe6 Rxe6 38.Rxe6  1-0

[Event "1st Forni Open"]
[Site "Forni di Sopra ITA"]
[Date "2011.06.17"]
[Round "8"]
[White "Tonon,A"]
[Black "Di Paolo,R"]
[Result "0-1"]
[WhiteElo "2242"]
[BlackElo "2312"]

1.d4 Nf6 2.c4 g6 3.g3 Bg7 4.Bg2 O-O 5.Nf3 d6 6.Nc3 Nc6 7.O-O a6 8.e4 e5 9.d5 Ne7
10.Ne1 Nd7 11.Nd3 f5 12.f4 c5 13.dxc6 bxc6 14.exf5 Nxf5 15.c5 Nxc5 16.Nxc5 dxc5
17.Qxd8 Rxd8 18.Bxc6 Rb8 19.fxe5 Bxe5 20.Kh1 Nd4 21.Be4 Bh3 22.Bg5 Bxf1 23.Bxd8 Bc4
24.Be7 Rxb2 25.Rc1 Be6 26.Bxc5 Bg4 27.Bd5+ Kg7 28.Rf1 Ne6 29.Bxe6 Bxe6 30.Rc1 h5
31.Kg1 h4 32.gxh4 Bxh2+ 33.Kf1 Bh3+ 34.Ke1 Bg3+  0-1

[Event "49th National Challengers ch-IND"]
[Site "Aurangabad IND"]
[Date "2011.06.18"]
[Round "5"]
[White "Karthikeyan,P2"]
[Black "Girish,A"]
[Result "1/2-1/2"]
[WhiteElo "2379"]
[BlackElo "2288"]

1.d4 Nf6 2.c4 g6 3.Nf3 Bg7 4.g3 O-O 5.Bg2 d6 6.O-O Nbd7 7.Nc3 e5 8.e4 c6
9.h3 a6 10.a3 Qe7 11.Re1 b5 12.c5 dxc5 13.Nxe5 Bb7 14.Nxd7 Nxd7 15.d5 Rad8
16.d6 Qe6 17.Bg5 f6 18.Be3 Rfe8 19.Qd2 Ne5 20.Bxc5 Nc4 21.Qc2 Qe5 22.b4 Nxd6
23.f4 Qe6 24.Re2 Nc4 25.a4 Rd7 26.Rf1 Red8 27.axb5 axb5 28.Rff2 Rd3 29.Kh2 Na3
30.Qb2 Nc4 31.Qc2 Na3 32.Qb2 Nc4 33.Qc2  1/2-1/2

[Event "4th Karen Asrian Memorial"]
[Site "Jermuk ARM"]
[Date "2011.06.18"]
[Round "3"]
[White "Kursova,M"]
[Black "Maghalashvili,Da"]
[Result "1/2-1/2"]
[WhiteElo "2308"]
[BlackElo "2469"]

1.d4 Nf6 2.Nf3 g6 3.c4 Bg7 4.g3 O-O 5.Bg2 d6 6.O-O Nc6 7.Nc3 a6 8.d5 Na5
9.Nd2 c5 10.Rb1 e6 11.b3 exd5 12.cxd5 b5 13.Qc2 Bg4 14.e4 b4 15.Nd1 Bxd1
16.Rxd1 Ng4 17.h3 Ne5 18.f4 Nd7 19.Bb2 Bxb2 20.Qxb2 Re8 21.Re1 Qc7 22.Kh2 Rad8
23.Rbd1 Nb6 24.Rc1 Nb7 25.Nc4 Nxc4 26.bxc4 a5 27.e5 a4 28.e6 f5 29.g4 Qg7
30.Qd2 Qd4 31.Qe3 Qxe3 32.Rxe3  1/2-1/2

[Event "US Junior Championship"]
[Site "Saint Louis USA"]
[Date "2011.06.19"]
[Round "4"]
[White "Sturt,R"]
[Black "Naroditsky,D"]
[Result "1/2-1/2"]
[WhiteElo "2294"]
[BlackElo "2472"]

1.d4 Nf6 2.c4 g6 3.g3 Bg7 4.Bg2 O-O 5.Nf3 d6 6.Nc3 Nc6 7.O-O Bd7 8.b3 e5
9.d5 e4 10.Ne1 Nb4 11.Bg5 h6 12.Be3 Ng4 13.Bd4 e3 14.fxe3 Qe7 15.e4 Be5 16.a3 Na6
17.b4 Qg5 18.Bxe5 Qe3+ 19.Kh1 Nxe5 20.Qb3 Ba4 21.Qxa4 Qxc3 22.Nd3 Nxd3 23.exd3 Qxd3
24.Qb5 Rab8 25.Rf4 c6 26.dxc6 Nc7 27.Qa5 Ne6 28.Rf3 Qd4 29.Re1 bxc6 30.e5 dxe5
31.Qxe5 Qxc4 32.Rc3 Qd4 33.Rxc6 Qxe5 34.Rxe5 Rfd8 35.Rd5 a5 36.Rxd8+ Rxd8
37.Rc1 axb4 38.axb4 Rb8 39.Rb1 Nd4 40.Bf1 Rb6 41.b5 Kf8 42.Rd1 Nf5 43.Ra1 Nd4
44.Bc4 Rb7 45.Rb1 Rb6 46.Rd1 Nxb5 47.Rb1 Nd6 48.Rxb6 Nxc4 49.Ra6 Kg7 50.Kg2 h5
51.Kf3 Ne5+ 52.Kf4 Ng4 53.Ra2 Nf6 54.h3 Nd5+ 55.Ke5 Ne3 56.Ra7 Nc4+ 57.Kf4 Nd6
58.Ra3 Nb5 59.Rd3 Nc7 60.Ke5 Ne6 61.Rc3 Ng5 62.h4 Ne6 63.Rc8 Nf8 64.Rc1 Nd7+
65.Kd6 Nf6 66.Rc4 Ng4 67.Rc7 Nh6 68.Ke7 Nf5+ 69.Ke8 Nd6+ 70.Kd7  1/2-1/2

[Event "4th Karen Asrian Memorial"]
[Site "Jermuk ARM"]
[Date "2011.06.23"]
[Round "8"]
[White "Moradiabadi,E"]
[Black "Azaladze,S"]
[Result "1/2-1/2"]
[WhiteElo "2536"]
[BlackElo "2423"]

1.d4 g6 2.Nf3 Bg7 3.c4 Nf6 4.g3 O-O 5.Bg2 d6 6.O-O c6 7.Nc3 Qa5 8.e4 Be6
9.d5 Bg4 10.h3 Bxf3 11.Bxf3 Qb4 12.Be2 Nfd7 13.a3 Qb6 14.Qc2 a5 15.Bg5 Re8
16.Na4 Qc7 17.Rac1 Na6 18.Be3 Nac5 19.Nxc5 Nxc5 20.b4 axb4 21.axb4 Na6 22.Rb1 c5
23.bxc5 Nxc5 24.Rb5 Ra3 25.Bc1 Ra1 26.Be3 Ra3 27.Bc1 Ra1  1/2-1/2

[Event "25th Open Pula"]
[Site "Pula CRO"]
[Date "2011.06.24"]
[Round "8.30"]
[White "Rabus,B"]
[Black "Mazi,L"]
[Result "1-0"]
[WhiteElo "2198"]
[BlackElo "2353"]

1.d4 d6 2.Nf3 g6 3.g3 Bg7 4.Bg2 Nf6 5.c4 O-O 6.O-O Nbd7 7.Nc3 e5 8.e4 c6
9.h3 a6 10.Be3 b5 11.cxb5 axb5 12.dxe5 dxe5 13.Qd6 Bb7 14.a4 bxa4 15.Rxa4 Rxa4
16.Nxa4 Re8 17.Qd3 Qa5 18.Qc2 Ra8 19.b3 Bf8 20.Rc1 Rb8 21.Bf1 Ba6 22.Bxa6 Qxa6
23.Qxc6 Qxc6 24.Rxc6 Nxe4 25.Nb6 Nxb6 26.Rxb6 Rxb6 27.Bxb6 f6 28.Kf1 Kf7
29.Ke2 Ke6 30.Nd2 Nc5 31.Bxc5 Bxc5 32.Ne4 Be7 33.f3 f5 34.Nc3 h5 35.g4 Bb4
36.Kd3 e4+ 37.fxe4 fxg4 38.hxg4 h4 39.Nd5 Bd6 40.Ke3 h3 41.Kf3  1-0

[Event "Mukachevo Summer"]
[Site "Mukachevo UKR"]
[Date "2011.06.26"]
[Round "9"]
[White "Baryshpolets,A"]
[Black "Katsan,P"]
[Result "1/2-1/2"]
[WhiteElo "2467"]
[BlackElo "2302"]

1.d4 Nf6 2.c4 g6 3.Nf3 Bg7 4.g3 O-O 5.Bg2 d6 6.O-O Nc6 7.Nc3 Rb8 8.d5 Na5
9.Nd2 c5 10.Qc2 e5 11.b3 Nh5 12.e3 a6 13.Bb2 b5 14.Rae1 f5 15.f4 bxc4 16.bxc4 g5
17.fxe5 Bxe5 18.Nd1 Bg7 19.Bxg7 Nxg7 20.Nf2 Rb7 21.e4 Re7 22.Qc3 Rfe8 23.Nd3 Nb7
24.e5 dxe5 25.Nxe5 Qa5 26.Qxa5 Nxa5 27.Nef3 Rxe1 28.Rxe1 Rxe1+ 29.Nxe1 Ne8
30.Nd3 Nd6 31.Nxc5 Naxc4 32.Nxc4 Nxc4 33.Bf1 Nb6 34.d6 Kf7 35.a4 Nd7 36.Nxd7 Bxd7
37.a5 Ke6 38.Bxa6 Kxd6 39.Kf2 Bc6 40.Ke3 Ke5 41.Bd3 f4+ 42.gxf4+ gxf4+ 43.Kf2 h6
44.a6 f3 45.Ke3 Kd6 46.Kd4 Kc7 47.Kc5 Ba8 48.h4 h5 49.Kd4 Kb6 50.Ke3 Bc6
51.Bf1 Bd5 52.Kf4 Ka7 53.Ke3 Kb6 54.Bd3 Ka7 55.Kf2 Kb6 56.Kg3 Ka7 57.Bf1 Kb6
58.Kf2 Ka7 59.Ke3 Kb6 60.Bd3 Ka7 61.Bg6 Kxa6 62.Bxh5 f2 63.Kxf2 Kb6 64.Ke3 Kc6
65.Bg6 Kd6 66.Kf4 Ke6 67.Kg5 Bf3 68.h5 Bxh5 69.Bxh5 Ke5  1/2-1/2